[Event "Torneo Campeones 25 aniv. V. Benasque"]
[Site "Benasque ESP"]
[Date "2005.07.06"]
[Round "1.1"]
[White "Komljenovic, Davor"]
[Black "Delchev, Aleksander"]
[Result "0-1"]
[WhiteElo "2473"]
[BlackElo "2656"]
[PlyCount "102"]
[EventDate "2005.07.08"]
[EventType "tourn"]
[EventRounds "9"]
[EventCountry "ESP"]
[Source "lmi"]
[SourceDate "2005.07.15"]

1. d4 Nf6 2. c4 e6 3. Nc3 Bb4 4. Qc2 d5 5. cxd5 exd5 6. Bg5 c5 7. dxc5 h6 8.
Bxf6 Qxf6 9. e3 O-O 10. Nf3 Be6 11. Be2 Nd7 12. O-O Bxc3 13. bxc3 Rac8 14. Qa4
a6 15. Qb4 Nxc5 16. a4 Rc7 17. c4 Ne4 18. cxd5 Bxd5 19. Nd4 Rfc8 20. Bf3 Rc4
21. Qb2 R8c5 22. Rfc1 Qb6 23. Qa3 Rxc1+ 24. Rxc1 Qb4 25. Qa1 Rxc1+ 26. Qxc1
Qxa4 27. Qc8+ Kh7 28. h4 Nd6 29. Qc5 Bxf3 30. Qxd6 Bg4 31. Qc7 Qd7 32. Qc2+ Kg8
33. f3 Be6 34. h5 b5 35. Qc5 Qc8 36. Nc6 Kh7 37. Qd6 Qd7 38. Qc5 Qd1+ 39. Kf2
Qd2+ 40. Kg3 Qe1+ 41. Kf4 Qh4+ 42. g4 Qh2+ 43. Ke4 Qc7 44. Kd4 Bc4 45. e4 a5
46. Qf5+ Kh8 47. Kc5 a4 48. g5 Be6 49. Qe5 Qxe5+ 50. Nxe5 a3 51. g6 Kg8 0-1

[Event "Torneo Campeones 25 aniv. V. Benasque"]
[Site "Benasque ESP"]
[Date "2005.07.06"]
[Round "1.2"]
[White "Rivas Pastor, Manuel"]
[Black "Suba, Mihai"]
[Result "1/2-1/2"]
[WhiteElo "2445"]
[BlackElo "2520"]
[PlyCount "96"]
[EventDate "2005.07.08"]
[EventType "tourn"]
[EventRounds "9"]
[EventCountry "ESP"]
[Source "lmi"]
[SourceDate "2005.07.15"]

1. e4 c5 2. Nf3 d5 3. Bb5+ Nd7 4. c3 Ngf6 5. Qe2 Qa5 6. O-O a6 7. Bd3 Nh5 8.
Bc2 Nf4 9. Qe3 Ng6 10. d4 e6 11. a4 Be7 12. Nbd2 Qc7 13. Bd3 b6 14. g3 Bb7 15.
h4 Nf6 16. Re1 O-O 17. Qe2 cxd4 18. cxd4 e5 19. exd5 Rfc8 20. b4 Nf8 21. Ba3
Qd8 22. Nc4 N8d7 23. Rec1 g6 24. b5 axb5 25. Nd6 Rxc1+ 26. Rxc1 Qf8 27. Nxb7
Bxa3 28. Rc6 Qb8 29. Bxb5 Qxb7 30. Ng5 Qb8 31. d6 h6 32. Nxf7 Kxf7 33. Qa2+ Kg7
34. Qxa3 Qg8 35. Rc7 Qe6 36. Kg2 Rd8 37. Bc4 Qe8 38. Qe3 Qf8 39. Qb3 Kh8 40.
Qe3 Qxd6 41. Qxh6+ Nh7 42. Rb7 Qxd4 43. Qxg6 Qxc4 44. Rxd7 Rxd7 45. Qe8+ Nf8
46. Qxf8+ Qg8 47. Qh6+ Qh7 48. Qf8+ Qg8 1/2-1/2

[Event "Torneo Campeones 25 aniv. V. Benasque"]
[Site "Benasque ESP"]
[Date "2005.07.06"]
[Round "1.3"]
[White "Cifuentes Parada, Roberto"]
[Black "Korneev, Oleg"]
[Result "0-1"]
[WhiteElo "2512"]
[BlackElo "2594"]
[PlyCount "60"]
[EventDate "2005.07.08"]
[EventType "tourn"]
[EventRounds "9"]
[EventCountry "ESP"]
[Source "lmi"]
[SourceDate "2005.07.15"]

1. Nf3 Nf6 2. c4 e6 3. d4 c5 4. Nc3 a6 5. e3 d5 6. cxd5 exd5 7. Be2 c4 8. O-O
b5 9. Ne5 Bb7 10. Bf3 Bd6 11. b3 b4 12. Na4 c3 13. Nc5 Bxc5 14. dxc5 Nc6 15.
Nxc6 Bxc6 16. Qd4 a5 17. a3 Qb8 18. axb4 axb4 19. Rxa8 Bxa8 20. e4 dxe4 21. Bg5
O-O 22. Bxf6 gxf6 23. Be2 Kg7 24. Rd1 Rc8 25. Qc4 Rd8 26. c6 Rxd1+ 27. Bxd1 Qd6
28. Bh5 Bxc6 29. Qxf7+ Kh6 30. Be2 c2 0-1

[Event "Torneo Campeones 25 aniv. V. Benasque"]
[Site "Benasque ESP"]
[Date "2005.07.06"]
[Round "1.5"]
[White "Ubilava, Elizbar"]
[Black "Movsziszian, Karen"]
[Result "1-0"]
[WhiteElo "2519"]
[BlackElo "2439"]
[PlyCount "131"]
[EventDate "2005.07.08"]
[EventType "tourn"]
[EventRounds "9"]
[EventCountry "ESP"]
[Source "lmi"]
[SourceDate "2005.07.15"]

1. Nf3 Nf6 2. c4 g6 3. Nc3 Bg7 4. e4 d6 5. d4 O-O 6. Be2 c5 7. O-O Nc6 8. d5
Na5 9. Bg5 h6 10. Bh4 e5 11. Nd2 b6 12. a3 Bd7 13. b4 Nb7 14. Nb3 a6 15. Rb1
Qc7 16. Qd2 Nh7 17. f3 f5 18. bxc5 bxc5 19. Rb2 g5 20. Bf2 f4 21. Rfb1 Bf6 22.
Nc1 Rfb8 23. Be1 Bd8 24. Nd3 Nf6 25. g4 h5 26. h3 Na5 27. Nc1 Rxb2 28. Rxb2 Be8
29. Bf1 Qh7 30. Qc2 Rc8 31. Qb1 Bc7 32. Nd1 Bd7 33. Nf2 hxg4 34. Nxg4 Kf7 35.
Qc2 Nxg4 36. hxg4 Rh8 37. Qg2 Qg8 38. Nb3 Qd8 39. Qd2 Nb7 40. Qc1 Ke7 41. Qb1
Na5 42. Nxa5 Bxa5 43. Rb7 Bxe1 44. Qxe1 Rh7 45. Qc3 Qh8 46. Bg2 Qd8 47. Kf1 Rh8
48. Kf2 Rh2 49. Kg1 Rh7 50. a4 Qc8 51. Qb2 Qd8 52. Rb6 Bxa4 53. Rxa6 Bd7 54.
Ra7 Kf6 55. Bf1 Bf5 56. Ra6 Bg6 57. Qb5 Rc7 58. Qb6 Ke7 59. Ra8 Qd7 60. Qb8 Be8
61. Qb2 Ra7 62. Rb8 Qa4 63. Qh2 Qd1 64. Qh8 Qa4 65. Qg7+ Bf7 66. Qxg5+ 1-0

[Event "Torneo Campeones 25 aniv. V. Benasque"]
[Site "Benasque ESP"]
[Date "2005.07.07"]
[Round "2.1"]
[White "Delchev, Aleksander"]
[Black "Movsziszian, Karen"]
[Result "1/2-1/2"]
[WhiteElo "2656"]
[BlackElo "2439"]
[PlyCount "28"]
[EventDate "2005.07.08"]
[EventType "tourn"]
[EventRounds "9"]
[EventCountry "ESP"]
[Source "lmi"]
[SourceDate "2005.07.15"]

1. e4 c5 2. Nf3 d5 3. d4 cxd4 4. Nxd4 Nf6 5. Nf3 a6 6. Be3 e5 7. a4 Be7 8. Be2
O-O 9. a5 Nbd7 10. O-O b5 11. axb6 Nxb6 12. Nfd2 Bb7 13. Bxb6 Qxb6 14. c4 Qc5
1/2-1/2

[Event "Torneo Campeones 25 aniv. V. Benasque"]
[Site "Benasque ESP"]
[Date "2005.07.07"]
[Round "2.4"]
[White "Suba, Mihai"]
[Black "Cifuentes Parada, Roberto"]
[Result "1/2-1/2"]
[WhiteElo "2520"]
[BlackElo "2512"]
[PlyCount "39"]
[EventDate "2005.07.08"]
[EventType "tourn"]
[EventRounds "9"]
[EventCountry "ESP"]
[Source "lmi"]
[SourceDate "2005.07.15"]

1. c4 e6 2. g3 d5 3. Bg2 Nf6 4. Nf3 dxc4 5. Qa4+ c6 6. Qxc4 b5 7. Qb3 Bb7 8.
O-O Nbd7 9. d3 a6 10. Bg5 Be7 11. Rc1 O-O 12. Nc3 Rc8 13. a4 h6 14. Bxf6 Nxf6
15. Nd2 Nd7 16. axb5 axb5 17. d4 Qb6 18. e3 Rfd8 19. Nf3 Rb8 20. Ne5 1/2-1/2

[Event "Torneo Campeones 25 aniv. V. Benasque"]
[Site "Benasque ESP"]
[Date "2005.07.07"]
[Round "2.5"]
[White "Komljenovic, Davor"]
[Black "Rivas Pastor, Manuel"]
[Result "0-1"]
[WhiteElo "2473"]
[BlackElo "2445"]
[PlyCount "104"]
[EventDate "2005.07.08"]
[EventType "tourn"]
[EventRounds "9"]
[EventCountry "ESP"]
[Source "lmi"]
[SourceDate "2005.07.15"]

1. d4 Nf6 2. c4 e6 3. Nc3 Bb4 4. Qc2 c5 5. dxc5 Na6 6. a3 Qa5 7. Bd2 Nxc5 8.
Rd1 Bxc3 9. Bxc3 Qa4 10. Qxa4 Nxa4 11. Be5 b6 12. b3 Nc5 13. b4 Nb7 14. g3 d6
15. Bc3 Ke7 16. Bg2 Rb8 17. Nf3 Bd7 18. Nd2 Rhc8 19. O-O b5 20. Bd4 bxc4 21.
Bxa7 d5 22. Bxb8 Rxb8 23. Ra1 Nd6 24. Rfc1 Ba4 25. e3 Nd7 26. f4 Nb6 27. Nb1
Nb5 28. Nc3 Nxc3 29. Rxc3 Kd6 30. Bf3 Kc6 31. Kf2 Kb5 32. Be2 Nc8 33. e4 Nd6
34. Ke3 Rd8 35. Bf3 Nf5+ 36. Kf2 Nd4 37. exd5 exd5 38. Bg2 Bb3 39. Re1 Ka4 40.
Re5 Nb5 41. Rc1 c3 42. Bf1 Bc4 43. Bxc4 dxc4 44. Rxb5 Rd2+ 45. Kf3 Rd3+ 46. Ke4
Kxb5 47. f5 f6 48. g4 Ka4 49. h4 Kxa3 50. b5 Kb2 51. Rg1 c2 52. b6 c1=Q 0-1

[Event "Torneo Campeones 25 aniv. V. Benasque"]
[Site "Benasque ESP"]
[Date "2005.07.08"]
[Round "3.1"]
[White "Rivas Pastor, Manuel"]
[Black "Delchev, Aleksander"]
[Result "0-1"]
[WhiteElo "2445"]
[BlackElo "2656"]
[PlyCount "54"]
[EventDate "2005.07.08"]
[EventType "tourn"]
[EventRounds "9"]
[EventCountry "ESP"]
[Source "lmi"]
[SourceDate "2005.07.15"]

1. e4 c5 2. Nf3 e6 3. b3 a6 4. Bb2 Nc6 5. d4 cxd4 6. Nxd4 Qf6 7. c3 Bc5 8. Be2
Qg6 9. O-O Qxe4 10. Nd2 Qf4 11. g3 Qc7 12. Nxc6 dxc6 13. Ne4 Be7 14. c4 Nf6 15.
Nxf6+ Bxf6 16. Bxf6 gxf6 17. Bd3 h5 18. c5 e5 19. b4 Bg4 20. Qc2 Rd8 21. Bf5
Rd4 22. Rae1 Kf8 23. f4 exf4 24. Bxg4 hxg4 25. Qf5 Rd2 26. h4 f3 27. Qxg4 Rg2+
0-1

[Event "Torneo Campeones 25 aniv. V. Benasque"]
[Site "Benasque ESP"]
[Date "2005.07.08"]
[Round "3.2"]
[White "Cifuentes Parada, Roberto"]
[Black "Komljenovic, Davor"]
[Result "1-0"]
[WhiteElo "2512"]
[BlackElo "2473"]
[PlyCount "45"]
[EventDate "2005.07.08"]
[EventType "tourn"]
[EventRounds "9"]
[EventCountry "ESP"]
[Source "lmi"]
[SourceDate "2005.07.15"]

1. Nf3 Nf6 2. c4 g6 3. Nc3 d5 4. cxd5 Nxd5 5. Qa4+ Bd7 6. Qh4 Nxc3 7. dxc3 c5
8. e4 h6 9. Bc4 b5 10. Be2 Bg7 11. O-O Qc7 12. Be3 a6 13. a4 bxa4 14. Bd1 Qb7
15. e5 g5 16. Qc4 O-O 17. Bxa4 Bxa4 18. Rxa4 Qxb2 19. Qxc5 Nd7 20. Qc7 Nxe5 21.
Nxe5 Rab8 22. Nc6 Qb5 23. Qb6 1-0

[Event "Torneo Campeones 25 aniv. V. Benasque"]
[Site "Benasque ESP"]
[Date "2005.07.08"]
[Round "3.3"]
[White "Psakhis, Lev"]
[Black "Suba, Mihai"]
[Result "1/2-1/2"]
[WhiteElo "2542"]
[BlackElo "2520"]
[PlyCount "25"]
[EventDate "2005.07.08"]
[EventType "tourn"]
[EventRounds "9"]
[EventCountry "ESP"]
[Source "lmi"]
[SourceDate "2005.07.15"]

1. d4 Nf6 2. c4 e6 3. Nc3 Bb4 4. Qc2 d5 5. cxd5 Qxd5 6. Nf3 Qf5 7. Qxf5 exf5 8.
a3 Be7 9. Bf4 c6 10. e3 Be6 11. Nd2 O-O 12. Nc4 Nd5 13. Bd6 1/2-1/2

[Event "Torneo Campeones 25 aniv. V. Benasque"]
[Site "Benasque ESP"]
[Date "2005.07.08"]
[Round "3.5"]
[White "Movsziszian, Karen"]
[Black "Marin, Mihail"]
[Result "1/2-1/2"]
[WhiteElo "2439"]
[BlackElo "2537"]
[PlyCount "71"]
[EventDate "2005.07.08"]
[EventType "tourn"]
[EventRounds "9"]
[EventCountry "ESP"]
[Source "lmi"]
[SourceDate "2005.07.15"]

1. e4 e5 2. Nf3 Nc6 3. Bb5 a6 4. Ba4 Nf6 5. d3 d6 6. c3 g6 7. O-O Bg7 8. Re1
O-O 9. Bg5 h6 10. Bh4 Bd7 11. Nbd2 Qe8 12. Nf1 Rc8 13. Ne3 Kh8 14. Bc2 Ng8 15.
d4 f5 16. exf5 gxf5 17. dxe5 dxe5 18. Nd5 Be6 19. Bb3 Qf7 20. Ne3 Bxb3 21. Qxb3
Qxb3 22. axb3 e4 23. Nd2 Ne5 24. Ra5 Rf7 25. f4 Nd3 26. Rb1 c5 27. g3 Kh7 28.
Kf1 Kg6 29. Ke2 Rc6 30. Ra2 Rd7 31. Rf1 Bf6 32. Bxf6 Nxf6 33. Ndc4 Nd5 34. Nxd5
Rxd5 35. h3 h5 36. Raa1 1/2-1/2

[Event "Torneo Campeones 25 aniv. V. Benasque"]
[Site "Benasque ESP"]
[Date "2005.07.09"]
[Round "4.1"]
[White "Delchev, Aleksander"]
[Black "Marin, Mihail"]
[Result "1/2-1/2"]
[WhiteElo "2656"]
[BlackElo "2537"]
[PlyCount "33"]
[EventDate "2005.07.08"]
[EventType "tourn"]
[EventRounds "9"]
[EventCountry "ESP"]
[Source "lmi"]
[SourceDate "2005.07.15"]

1. e4 e5 2. Nf3 Nc6 3. Bc4 Nf6 4. d3 h6 5. O-O d6 6. a3 g6 7. b4 Bd7 8. Bb2 Bg7
9. Nbd2 O-O 10. d4 exd4 11. Nxd4 Re8 12. Re1 Qe7 13. N2f3 Rad8 14. Bd3 Ne5 15.
Nxe5 dxe5 16. Nb3 Nh7 17. Qe2 1/2-1/2

[Event "Torneo Campeones 25 aniv. V. Benasque"]
[Site "Benasque ESP"]
[Date "2005.07.09"]
[Round "4.2"]
[White "Korneev, Oleg"]
[Black "Movsziszian, Karen"]
[Result "1-0"]
[WhiteElo "2594"]
[BlackElo "2439"]
[PlyCount "105"]
[EventDate "2005.07.08"]
[EventType "tourn"]
[EventRounds "9"]
[EventCountry "ESP"]
[Source "lmi"]
[SourceDate "2005.07.15"]

1. e4 d6 2. d4 g6 3. Nc3 c6 4. Bc4 Nf6 5. Qe2 Bg7 6. Bb3 O-O 7. Nf3 Bg4 8. O-O
Nfd7 9. Rd1 c5 10. dxc5 Nxc5 11. h3 Bxf3 12. Qxf3 Nc6 13. Be3 Qa5 14. Bd2 Nd4
15. Qe3 Qd8 16. Rac1 Rc8 17. Be1 Nc6 18. Bc4 a6 19. a3 b5 20. b4 Nd7 21. Bf1
Nce5 22. a4 Nb6 23. axb5 Nec4 24. Bxc4 Nxc4 25. Qg3 axb5 26. Nxb5 Qb6 27. Na3
Bh6 28. Nxc4 Rxc4 29. Qd3 Rfc8 30. Ra1 Rxc2 31. b5 Rb2 32. Rdb1 Rxb1 33. Rxb1
Bg7 34. Kf1 Bd4 35. Ba5 Qxa5 36. Qxd4 Qa2 37. Qb2 Qxb2 38. Rxb2 Kf8 39. Ke2 Ke8
40. Kd3 Kd7 41. Ra2 Rc7 42. Ra8 h5 43. h4 e5 44. Rf8 Ke6 45. Rb8 f5 46. exf5+
gxf5 47. b6 Re7 48. Kc4 f4 49. Rf8 Rg7 50. Re8+ Kf5 51. Kd5 f3 52. Rf8+ Kg4 53.
Rxf3 1-0

[Event "Torneo Campeones 25 aniv. V. Benasque"]
[Site "Benasque ESP"]
[Date "2005.07.09"]
[Round "4.3"]
[White "Suba, Mihai"]
[Black "Ubilava, Elizbar"]
[Result "1/2-1/2"]
[WhiteElo "2520"]
[BlackElo "2519"]
[PlyCount "54"]
[EventDate "2005.07.08"]
[EventType "tourn"]
[EventRounds "9"]
[EventCountry "ESP"]
[Source "lmi"]
[SourceDate "2005.07.15"]

1. c4 e6 2. Nf3 Nf6 3. g3 d5 4. b3 Be7 5. Bg2 O-O 6. O-O b6 7. Bb2 Bb7 8. e3 c5
9. Nc3 dxc4 10. bxc4 Nc6 11. Ne1 Qd7 12. Qe2 a6 13. d3 Rab8 14. f4 b5 15. cxb5
axb5 16. Nxb5 Ba6 17. a4 Bxb5 18. axb5 Rxb5 19. Nf3 Nd5 20. e4 Ndb4 21. Rfd1
Rfb8 22. Bc3 Qd8 23. Kh1 Bf6 24. e5 Nd5 25. Bd2 Be7 26. Qe4 g6 27. d4 cxd4
1/2-1/2

[Event "Torneo Campeones 25 aniv. V. Benasque"]
[Site "Benasque ESP"]
[Date "2005.07.09"]
[Round "4.4"]
[White "Komljenovic, Davor"]
[Black "Psakhis, Lev"]
[Result "0-1"]
[WhiteElo "2473"]
[BlackElo "2542"]
[PlyCount "76"]
[EventDate "2005.07.08"]
[EventType "tourn"]
[EventRounds "9"]
[EventCountry "ESP"]
[Source "lmi"]
[SourceDate "2005.07.15"]

1. d4 Nf6 2. c4 e6 3. Nc3 Bb4 4. Qc2 O-O 5. a3 Bxc3+ 6. Qxc3 d6 7. g3 Re8 8.
Bg2 e5 9. Nf3 Qe7 10. O-O c5 11. d5 h6 12. b4 b6 13. Bb2 Bf5 14. Nh4 Bh7 15.
Bh3 Nbd7 16. f3 cxb4 17. axb4 b5 18. e4 Rec8 19. Ra6 Rxc4 20. Qb3 Nb6 21. Rfa1
Qc7 22. Bf1 g5 23. Ng2 g4 24. Bxc4 Nxc4 25. Bc1 Kg7 26. Ne3 gxf3 27. Nxc4 Qxc4
28. Qxc4 bxc4 29. Rxd6 Bxe4 30. Bxh6+ Kxh6 31. Rxf6+ Kg7 32. Rd6 c3 33. Kf2 Rb8
34. Ke3 Rxb4 35. Rxa7 c2 36. Rc7 Rb2 37. Rdd7 c1=Q+ 38. Rxc1 Re2# 0-1

[Event "Torneo Campeones 25 aniv. V. Benasque"]
[Site "Benasque ESP"]
[Date "2005.07.09"]
[Round "4.5"]
[White "Rivas Pastor, Manuel"]
[Black "Cifuentes Parada, Roberto"]
[Result "1/2-1/2"]
[WhiteElo "2445"]
[BlackElo "2512"]
[PlyCount "95"]
[EventDate "2005.07.08"]
[EventType "tourn"]
[EventRounds "9"]
[EventCountry "ESP"]
[Source "lmi"]
[SourceDate "2005.07.15"]

1. d4 d5 2. c4 c6 3. Nf3 Nf6 4. e3 e6 5. Nbd2 Nbd7 6. b3 Bd6 7. Bb2 O-O 8. Bd3
b6 9. O-O Bb7 10. e4 dxe4 11. Nxe4 Nxe4 12. Bxe4 Qc7 13. Re1 Rae8 14. a3 a6 15.
Ne5 f5 16. Nxd7 Qxd7 17. Bf3 Bc8 18. Qc2 c5 19. dxc5 Bxc5 20. Rad1 Qe7 21. Rd3
Rd8 22. Red1 Rxd3 23. Qxd3 Qc7 24. Qe2 Rd8 25. Rxd8+ Qxd8 26. Be5 Qd7 27. h4
Bd4 28. g3 Kf7 29. h5 Bxe5 30. Qxe5 Bb7 31. Bxb7 Qxb7 32. b4 Qd7 33. c5 bxc5
34. bxc5 Qd1+ 35. Kg2 Qd7 36. Qc3 Qd5+ 37. Kg1 Qc6 38. Qd4 a5 39. a4 Qb7 40.
Qc4 Qb4 41. Qc2 Qe1+ 42. Kh2 Qe4 43. Qc1 Qd4 44. Kg1 Ke7 45. c6 Kd8 46. Qb1 Qd6
47. Qb6+ Qc7 48. Qc5 1/2-1/2

[Event "Torneo Campeones 25 aniv. V. Benasque"]
[Site "Benasque ESP"]
[Date "2005.07.10"]
[Round "5.2"]
[White "Psakhis, Lev"]
[Black "Rivas Pastor, Manuel"]
[Result "1/2-1/2"]
[WhiteElo "2542"]
[BlackElo "2445"]
[PlyCount "82"]
[EventDate "2005.07.08"]
[EventType "tourn"]
[EventRounds "9"]
[EventCountry "ESP"]
[Source "lmi"]
[SourceDate "2005.07.15"]

1. d4 d6 2. Nf3 Bg4 3. c4 Bxf3 4. exf3 g6 5. g3 Bg7 6. Nc3 c6 7. d5 Nd7 8. Bg2
cxd5 9. cxd5 Ngf6 10. O-O O-O 11. f4 Nc5 12. Be3 a5 13. Rc1 Nfd7 14. f5 Ne5 15.
fxg6 hxg6 16. Qe2 Qd7 17. Rfd1 Rac8 18. h3 f5 19. f4 Nf7 20. Bf2 Rfe8 21. Bf3
Kh7 22. Nb5 e5 23. dxe6 Rxe6 24. Qc4 b6 25. Bd5 Re4 26. Bxe4 fxe4 27. a4 e3 28.
Bxe3 Qxh3 29. Bf2 Nh6 30. Qd5 Ng4 31. Bxc5 Qh2+ 32. Kf1 Rxc5 33. Qf3 Rxc1 34.
Rxc1 Qxb2 35. Qxg4 Qxc1+ 36. Ke2 Qc2+ 37. Ke3 Qb3+ 38. Ke2 Qc4+ 39. Ke3 Qc5+
40. Ke2 Qc4+ 41. Ke3 Qc5+ 1/2-1/2

[Event "Torneo Campeones 25 aniv. V. Benasque"]
[Site "Benasque ESP"]
[Date "2005.07.10"]
[Round "5.4"]
[White "Movsziszian, Karen"]
[Black "Suba, Mihai"]
[Result "1-0"]
[WhiteElo "2439"]
[BlackElo "2520"]
[PlyCount "139"]
[EventDate "2005.07.08"]
[EventType "tourn"]
[EventRounds "9"]
[EventCountry "ESP"]
[Source "lmi"]
[SourceDate "2005.07.15"]

1. e4 c5 2. d3 Nc6 3. g3 d5 4. Nd2 e5 5. Bg2 Nge7 6. Ngf3 d4 7. Nc4 f6 8. a4
Be6 9. O-O Qd7 10. Ne1 O-O-O 11. f4 exf4 12. gxf4 Bg4 13. Nf3 Ng6 14. Qe1 h5
15. Nh4 Nxh4 16. Qxh4 Be6 17. Bd2 Be7 18. Qf2 g5 19. e5 Rdf8 20. f5 Bxc4 21.
exf6 Bxf6 22. dxc4 Ne5 23. Bd5 Kb8 24. a5 Ng4 25. Qg2 Be5 26. Be6 Qc7 27. h3
Bh2+ 28. Kh1 Bf4 29. Bxf4 gxf4 30. Rf3 Ne3 31. Qg5 Nxc2 32. Rg1 Ne3 33. Rxf4
Qc6+ 34. Kh2 Qd6 35. Kh1 Rd8 36. Re4 Rhe8 37. b3 a6 38. Qxh5 Rh8 39. Qf3 Qc6
40. f6 Rdf8 41. f7 Ka7 42. Rg3 Rh6 43. Rxe3 dxe3 44. Bd5 Qd6 45. Qxe3 Rh5 46.
Qf3 Qh6 47. Kh2 Re5 48. Qf2 b6 49. Rg8 Qd6 50. Qg3 Re2+ 51. Kg1 Qxg3+ 52. Rxg3
Re1+ 53. Kf2 Re5 54. axb6+ Kxb6 55. Rg6+ Ka5 56. Rf6 Kb4 57. Rf3 a5 58. Kg3 Re1
59. Kg4 Rb1 60. Re3 Rxb3 61. Re8 Rxf7 62. Bxf7 a4 63. Ra8 a3 64. h4 Rb2 65. h5
Rg2+ 66. Kf5 Rf2+ 67. Kg6 a2 68. h6 Kb3 69. h7 Rh2 70. Kg7 1-0

[Event "Torneo Campeones 25 aniv. V. Benasque"]
[Site "Benasque ESP"]
[Date "2005.07.11"]
[Round "6.2"]
[White "Suba, Mihai"]
[Black "Marin, Mihail"]
[Result "1/2-1/2"]
[WhiteElo "2520"]
[BlackElo "2537"]
[PlyCount "23"]
[EventDate "2005.07.08"]
[EventType "tourn"]
[EventRounds "9"]
[EventCountry "ESP"]
[Source "lmi"]
[SourceDate "2005.07.15"]

1. e4 e5 2. Bc4 Nf6 3. d3 Nc6 4. Nf3 h6 5. O-O d6 6. a4 g6 7. Re1 Bg7 8. a5 a6
9. c3 O-O 10. Nbd2 Kh8 11. Nf1 Ng8 12. d4 1/2-1/2

[Event "Torneo Campeones 25 aniv. V. Benasque"]
[Site "Benasque ESP"]
[Date "2005.07.11"]
[Round "6.4"]
[White "Rivas Pastor, Manuel"]
[Black "Ubilava, Elizbar"]
[Result "0-1"]
[WhiteElo "2445"]
[BlackElo "2519"]
[PlyCount "70"]
[EventDate "2005.07.08"]
[EventType "tourn"]
[EventRounds "9"]
[EventCountry "ESP"]
[Source "lmi"]
[SourceDate "2005.07.15"]

1. d4 d5 2. c4 e6 3. Nc3 Be7 4. Nf3 Nf6 5. Bg5 O-O 6. Rc1 b6 7. cxd5 exd5 8. e3
Be6 9. Bxf6 Bxf6 10. b4 Qe7 11. Qb3 Rd8 12. Na4 c6 13. Be2 b5 14. Nc5 Nd7 15.
a4 a6 16. O-O Nb6 17. Rc2 Bd7 18. a5 Nc4 19. Re1 g6 20. h3 Bg7 21. Bd3 f5 22.
Rce2 Re8 23. Nh2 Qd6 24. f4 Nxe3 25. Rxe3 Bxd4 26. Nf1 Rxe3 27. Nxe3 Re8 28.
Nxd7 Rxe3 29. Rxe3 Bxe3+ 30. Kh1 Qxd7 31. Bxb5 cxb5 32. Qxe3 d4 33. Qd3 Qd5 34.
Qe2 Kf7 35. Kg1 Qb3 0-1

[Event "Torneo Campeones 25 aniv. V. Benasque"]
[Site "Benasque ESP"]
[Date "2005.07.12"]
[Round "7.1"]
[White "Psakhis, Lev"]
[Black "Delchev, Aleksander"]
[Result "1/2-1/2"]
[WhiteElo "2542"]
[BlackElo "2656"]
[PlyCount "42"]
[EventDate "2005.07.08"]
[EventType "tourn"]
[EventRounds "9"]
[EventCountry "ESP"]
[Source "lmi"]
[SourceDate "2005.07.15"]

1. d4 Nf6 2. c4 e6 3. g3 d5 4. Bg2 dxc4 5. Qa4+ c6 6. Qxc4 b5 7. Qd3 Bb7 8. Nf3
Nbd7 9. Bg5 a6 10. Bxf6 Nxf6 11. a4 Be7 12. O-O O-O 13. Nbd2 Qb6 14. Nb3 Nd7
15. Rfc1 c5 16. axb5 axb5 17. Rxa8 Bxa8 18. dxc5 Nxc5 19. Qe3 Na4 20. Qxb6 Nxb6
21. Nfd4 Bf6 1/2-1/2

[Event "Torneo Campeones 25 aniv. V. Benasque"]
[Site "Benasque ESP"]
[Date "2005.07.12"]
[Round "7.3"]
[White "Movsziszian, Karen"]
[Black "Rivas Pastor, Manuel"]
[Result "0-1"]
[WhiteElo "2439"]
[BlackElo "2445"]
[PlyCount "35"]
[EventDate "2005.07.08"]
[EventType "tourn"]
[EventRounds "9"]
[EventCountry "ESP"]
[Source "lmi"]
[SourceDate "2005.07.15"]

1. e4 e6 2. d3 c5 3. g3 g6 4. Bg2 Bg7 5. f4 Ne7 6. Nf3 Nbc6 7. c3 b6 8. O-O O-O
9. Na3 Ba6 10. Re1 Rc8 11. Be3 d5 12. Bf2 dxe4 13. dxe4 Na5 14. e5 Qe8 15. Ng5
Rd8 16. Qc2 Nd5 17. Qe4 Bb7 18. Nb5 0-1

[Event "Torneo Campeones 25 aniv. V. Benasque"]
[Site "Benasque ESP"]
[Date "2005.07.12"]
[Round "7.4"]
[White "Marin, Mihail"]
[Black "Komljenovic, Davor"]
[Result "1/2-1/2"]
[WhiteElo "2537"]
[BlackElo "2473"]
[PlyCount "71"]
[EventDate "2005.07.08"]
[EventType "tourn"]
[EventRounds "9"]
[EventCountry "ESP"]
[Source "lmi"]
[SourceDate "2005.07.15"]

1. c4 e5 2. Nc3 Nf6 3. Nf3 Nc6 4. g3 d5 5. cxd5 Nxd5 6. Bg2 Nb6 7. O-O Be7 8.
a3 O-O 9. b4 Be6 10. Rb1 f6 11. d3 a5 12. b5 Nd4 13. Nd2 Qc8 14. e3 Nf5 15. Qc2
Rd8 16. Rd1 Kh8 17. a4 Nd5 18. Nxd5 Bxd5 19. Bxd5 Rxd5 20. Bb2 Bb4 21. Nf3 Qd7
22. e4 Rc5 23. Qe2 Nd4 24. Nxd4 exd4 25. Rbc1 Rxc1 26. Rxc1 c6 27. Qh5 c5 28.
Rc4 Re8 29. Kg2 Re5 30. Qh3 Qxh3+ 31. Kxh3 g5 32. Bc1 Kg7 33. f4 gxf4 34. Bxf4
Re6 35. Kg4 Kg6 36. Kf3 1/2-1/2

[Event "Torneo Campeones 25 aniv. V. Benasque"]
[Site "Benasque ESP"]
[Date "2005.07.12"]
[Round "7.5"]
[White "Korneev, Oleg"]
[Black "Suba, Mihai"]
[Result "1-0"]
[WhiteElo "2594"]
[BlackElo "2520"]
[PlyCount "119"]
[EventDate "2005.07.08"]
[EventType "tourn"]
[EventRounds "9"]
[EventCountry "ESP"]
[Source "lmi"]
[SourceDate "2005.07.15"]

1. e4 Nf6 2. e5 Nd5 3. d4 d6 4. Nf3 Nb6 5. Bb5+ c6 6. Bd3 dxe5 7. Nxe5 Be6 8.
c3 N8d7 9. Nf3 Bg4 10. O-O e6 11. a4 Be7 12. Nbd2 Bh5 13. Re1 Bg6 14. Bxg6 hxg6
15. a5 Nd5 16. Ne4 b5 17. Qe2 Qc7 18. g3 O-O 19. b3 Rfe8 20. c4 Bb4 21. Bd2
Bxd2 22. Qxd2 bxc4 23. bxc4 N5f6 24. Nxf6+ Nxf6 25. a6 Rab8 26. Reb1 Rxb1+ 27.
Rxb1 Rb8 28. Rb4 Nd7 29. Qb2 Rxb4 30. Qxb4 Nb8 31. Qb7 Qxb7 32. axb7 a5 33. Kf1
a4 34. Ke2 a3 35. Nd2 a2 36. Nb3 Kf8 37. Kd2 Ke7 38. Kc3 Kd6 39. Kb2 Kc7 40.
Nc5 Kb6 41. f4 Ka5 42. Nd3 f6 43. Kxa2 Kb6 44. Ka3 g5 45. fxg5 fxg5 46. g4 c5
47. Nxc5 e5 48. Na4+ Kxb7 49. dxe5 Nc6 50. Nc5+ Kc7 51. Nd3 Nd4 52. Kb4 Nf3 53.
h3 Kc6 54. c5 Nd4 55. Kc4 Ne6 56. Nb4+ Kc7 57. c6 g6 58. Kb5 Nd4+ 59. Kc5 Ne6+
60. Kc4 1-0

[Event "Torneo Campeones 25 aniv. V. Benasque"]
[Site "Benasque ESP"]
[Date "2005.07.14"]
[Round "8.1"]
[White "Delchev, Aleksander"]
[Black "Suba, Mihai"]
[Result "0-1"]
[WhiteElo "2656"]
[BlackElo "2520"]
[PlyCount "88"]
[EventDate "2005.07.08"]
[EventType "tourn"]
[EventRounds "9"]
[EventCountry "ESP"]
[Source "lmi"]
[SourceDate "2005.07.15"]

1. e4 c5 2. Nf3 d6 3. d4 Nf6 4. Nc3 cxd4 5. Nxd4 e6 6. Be2 a6 7. f4 Be7 8. O-O
O-O 9. Kh1 Qc7 10. a4 b6 11. e5 dxe5 12. fxe5 Nfd7 13. Bf4 Bb7 14. Bd3 Nc5 15.
Qg4 Nxd3 16. cxd3 Nc6 17. Nf3 Kh8 18. d4 Nb4 19. Ng5 Qc4 20. Qh5 Bxg5 21. Bxg5
Qxd4 22. Be7 Nd3 23. Bxf8 Nf2+ 24. Rxf2 Qxf2 25. Bxg7+ Kxg7 26. Qg5+ Kh8 27.
Rg1 Rg8 28. Qf6+ Qxf6 29. exf6 Rg6 30. h3 Rxf6 31. Rd1 Rf2 32. Rd7 Bxg2+ 33.
Kg1 Rxb2 34. Nd1 Ra2 35. Nf2 Bd5 36. Rxf7 h5 37. Rf4 a5 38. Nd3 Rg2+ 39. Kf1
Rg3 40. Ne5 Rxh3 41. Kf2 Kg7 42. Rf7+ Kh6 43. Nd7 Rb3 44. Nf8 Kg5 0-1